000 00605cam a2200193 4500
001 1402
005 20181127163236.0
008 970507s1998 caua b 001 0 eng
010 _a 97015794
020 _a0534341195 (alk. paper)
100 1 _aSchultz, Duane P.
245 1 0 _aTheories of personality /
_cDuane Schultz, Sydney Ellen Schultz.
250 _a6th ed.
260 _aPacific Grove :
_bBrooks/Cole Pub.,
_cc1998.
300 _axiv, 530 p. :
_bill. ;
_c24 cm.
504 _aIncludes bibliographical references (p. 479-507) and index.
650 0 _aPersonality.
700 1 _aSchultz, Sydney Ellen.
999 _c1033
_d1033